Microleakage of endodontically treated teeth restored with fibre post using different adhesive systems: an in vitro study /
Saved in:
| Main Author: | |
|---|---|
| Format: | Thesis Book |
| Language: | English |
| Published: |
2005.
|
| Subjects: | |
| Tags: |
Add Tag
No Tags, Be the first to tag this record!
|
| LEADER | 01163cam a2200253 a 4500 | ||
|---|---|---|---|
| 001 | u716650 | ||
| 003 | SIRSI | ||
| 008 | 060117s2005 my t 000 0 eng m | ||
| 040 | |a UMG | ||
| 091 | |a Microfiche 17095 | ||
| 096 | |a WU11.1 |b UM 2005 Ali | ||
| 100 | 1 | 0 | |a Ali, Basma. |
| 245 | 1 | 0 | |a Microleakage of endodontically treated teeth restored with fibre post using different adhesive systems: |b an in vitro study / |c Basma Ali. |
| 260 | |c 2005. | ||
| 300 | |a xvii, 164 leaves : |b ill. (some col.) ; |c 30 cm. | ||
| 500 | |a Also available on microfiche. Kuala Lumpur: University of Malaya Library, 2005. 2 fiches: negative; 11 x 15cm. | ||
| 502 | |a Dissertation (M.Dent.Sc.) -- Jabatan Pemeliharaan Gigi, Fakulti Pergigian, Universiti Malaya, 2005. | ||
| 504 | |a Bibliography: leaves 137-155. | ||
| 650 | 2 | |a Dental Leakage. | |
| 650 | 2 | |a Dentin-Bonding Agents. | |
| 710 | 2 | 0 | |a Universiti Malaya. |b Jabatan Pemeliharaan Gigi. |
| 596 | |a 10 | ||
| 999 | |a WU11.1 UM 2005 ALI |w NLM |c 1 |i A503674297 |d 19/1/2006 |f 19/1/2006 |g 1 |l STACKS |m P10PERGIGI |r N |s Y |t TESIS |u 19/1/2006 | ||
| 999 | |a WU11.1 UM 2005 ALI |w NLM |c 2 |i A503674304 |d 19/1/2006 |f 19/1/2006 |g 1 |l STACKS |m P10PERGIGI |r N |s Y |t TESIS |u 19/1/2006 | ||
